000 01023nam a2200277Ia 4500
001 Para_10263
003 CHAP
008 220125sOctu xx 000 0 und d
010 _a208951
040 _cCHAP
090 _aPA CD - TESIS 293
100 _aRamìrez Ramírez, Franklin
_9126575
245 _aControl biológico de gallina ciega (coleoptera :
_b melolonthidae) con Beauveria bassiana en maíz (Zea mays L.) en los altos de Chiapas /
_c Franklin Ramírez Ramírez; Director Amalia Pérez Valdez
260 _aChapingo, Méx. :
_b el autor
300 _a1 CDS ROM (68 p.)
502 _aTesis (Ing. Agr. Esp. en Parasitología Agrícola). UACh. Departamento Parasitología Agrícola
700 _aPérez Valdéz, Amalia. Director
_9175194
710 _aUACh. Departamento Parasitología Agrícola
_9164025
901 _aPA CD - TESIS 293
902 _aM
905 _a513220Octubre, 2013 abn 8100000000 06
910 _aOctu
942 _cPARA
942 _cPARA
_d2
999 _c208951
_d208951